[Event "World Blitz 2023"]
[Site "Samarkand UZB"]
[Date "2023.12.30"]
[Round "13.27"]
[White "Hovhannisyan, Robert"]
[Black "Fayzullaev, Akmal"]
[Result "1-0"]
[WhiteElo "2570"]
[BlackElo "2342"]
[EventDate "2023.12.29"]

1. e4 c5 2. Nf3 d6 3. Nc3 a6 4. d4 cxd4 5. Qxd4 Nc6 6. Qd3 g6 7. Be3 Bg7 8.
Nd5 Rb8 9. Bb6 Qd7 10. Be2 Nf6 11. Nc7+ Kf8 12. O-O Kg8 13. Rad1 h6 14. c3
Kh7 15. Nd5 Nxd5 16. exd5 Ne5 17. Nxe5 Bxe5 18. Rfe1 Qf5 19. a4 Bd7 20.
Qxf5 Bxf5 21. Bd3 Bxd3 22. Rxd3 Rbc8 23. Re4 g5 24. g3 Kg6 25. Kg2 Rhe8 26.
Rb4 Bf6 27. Bd4 Rc7 28. Rb6 Rec8 29. Bxf6 Kxf6 30. Kf3 h5 31. h3 Rc4 32.
Rxb7 Rxa4 33. Re3 Re8 34. g4 hxg4+ 35. hxg4 a5 36. Kg3 Rf4 37. Ra7 a4 38.
Rc7 e5 39. dxe6 fxe6 40. Rc6 d5 41. Re1 Re7 42. Ra6 Rc4 43. Re3 Rf4 44. Rb6
Re8 45. Rd6 Re7 46. Re1 Kf7 47. Rh1 Rb7 48. Rh7+ 1-0

[Event "World Blitz 2023"]
[Site "Samarkand UZB"]
[Date "2023.12.30"]
[Round "13.28"]
[White "Karthik, Venkataraman"]
[Black "Zvjaginsev, Vadim"]
[Result "1/2-1/2"]
[WhiteElo "2440"]
[BlackElo "2570"]
[EventDate "2023.12.29"]

1. b3 e5 2. Bb2 d6 3. e3 g6 4. d4 Bg7 5. dxe5 Nd7 6. Nf3 dxe5 7. Be2 Ne7 8.
Nbd2 O-O 9. e4 Nc6 10. O-O Nb6 11. a4 a5 12. h3 Be6 13. Re1 Re8 14. c3 h6
15. Qc2 Qf6 16. Nf1 Red8 17. Ne3 h5 18. Bc1 Qe7 19. Ba3 Qf6 20. Bc1 Qe7 21.
Nd2 Bh6 22. Ndc4 Nxc4 23. bxc4 Bxe3 24. Bxe3 Nb8 25. Rab1 b6 26. c5 bxc5
27. Rb5 Nd7 28. Reb1 c4 29. Qa2 Nb6 30. Rxe5 Qf6 31. Bd4 Rac8 32. Rxa5 Rxd4
33. cxd4 Qxd4 34. Qc2 c3 35. Qd3 Rd8 36. Qxd4 Rxd4 37. Rc5 Nxa4 38. Rxc7
Rxe4 39. Bb5 Ba2 40. Rc1 Bb3 41. Bxa4 Rxa4 42. R7xc3 Be6 43. Re3 Kg7 44.
Rc7 Kf6 45. Kh2 Ra2 46. Kg3 Ra4 47. Rf3+ Kg7 48. Rf4 Ra5 49. h4 Ra3+ 50. f3
Rb3 51. Re4 Kf6 52. Re2 Rb4 53. Ra7 Rc4 54. Rd2 Rb4 55. Ra3 Rc4 56. Rad3
Rb4 57. Rd4 Rb1 58. Ra4 Rc1 59. Kf4 Rb1 60. Rdd4 Rc1 61. Ra5 Rb1 62. Rc5
Ra1 63. Rc2 Rb1 64. Rf2 Rh1 65. g3 Bc8 66. Rc2 Be6 67. Rf2 Bc8 68. Rb4 Be6
69. Rb5 Ra1 70. Rd2 Ra4+ 71. Ke3 Ra3+ 72. Kf2 Rc3 73. Rb4 Ra3 74. Rf4+ Kg7
75. Re2 Rb3 76. g4 hxg4 77. fxg4 Rh3 78. g5 Rh2+ 79. Ke1 Rxe2+ 80. Kxe2 Ba2
81. Ke3 Bb3 82. Kd4 Ba2 83. Ke5 Bb3 84. Rb4 Ba2 85. Kd6 Be6 86. Rb7 Ba2 87.
Re7 Bb3 88. Re3 Ba2 89. Ke5 Bc4 90. Kf4 Ba2 91. Kg4 Be6+ 92. Kg3 Bd5 93.
Kf4 Bc4 94. Re4 Bb3 95. Re1 Ba2 96. Rh1 Bd5 97. Rh2 Bc4 98. h5 gxh5 99.
Rxh5 Bb3 100. Rh6 Be6 101. Rf6 Ba2 102. Rb6 Bc4 103. Rd6 Bb3 104. Kg4 Bc4
105. Kf5 Be6+ 106. Kf4 Bb3 107. Kg4 Be6+ 108. Kh5 Bf5 109. Rf6 Bc2 110. Kg4
Bb1 111. Kf4 Bc2 112. Ke5 Bb3 113. Kd6 Ba2 114. Ke7 Bb3 115. Rd6 Ba2 116.
Rb6 Bc4 117. Kd6 Ba2 118. Ke5 Bc4 119. Kf5 Bd3+ 120. Kf4 1/2-1/2

[Event "World Blitz 2023"]
[Site "Samarkand UZB"]
[Date "2023.12.30"]
[Round "13.29"]
[White "Grebnev, Aleksey"]
[Black "Gareyev, Timur"]
[Result "1-0"]
[WhiteElo "2404"]
[BlackElo "2569"]
[EventDate "2023.12.29"]

1. d4 g6 2. c4 Bg7 3. e4 Nc6 4. Nf3 d6 5. d5 Ne5 6. Nxe5 Bxe5 7. Bd3 c5 8.
O-O Nf6 9. Nc3 e6 10. Kh1 exd5 11. cxd5 Ng4 12. h3 Qh4 13. f4 Qg3 14. Bb5+
Kf8 15. Qxg4 Bxg4 16. fxe5 Bxh3 17. gxh3 Qxh3+ 18. Kg1 Qg4+ 19. Kh2 dxe5
20. Be3 Qh4+ 21. Kg2 Qg4+ 22. Kh2 Kg7 23. Be2 Qh4+ 24. Kg2 b6 25. Rh1 Qe7
26. Bh6+ Kg8 27. Raf1 Rd8 28. Rh3 f6 29. d6 Qe6 30. b3 b5 31. Nxb5 Rxd6 32.
Nxd6 Qxd6 1-0

[Event "World Blitz 2023"]
[Site "Samarkand UZB"]
[Date "2023.12.30"]
[Round "13.30"]
[White "Chigaev, Maksim"]
[Black "Begmuratov, Khumoyun"]
[Result "1-0"]
[WhiteElo "2561"]
[BlackElo "2276"]
[EventDate "2023.12.29"]

1. Nf3 Nf6 2. c4 e6 3. g3 b6 4. Bg2 Bb7 5. O-O c6 6. d3 d5 7. Qc2 Be7 8. e4
O-O 9. b3 c5 10. exd5 exd5 11. Nc3 d4 12. Ne2 Nc6 13. a3 a5 14. Bg5 Re8 15.
Nf4 Nd7 16. Bxe7 Nxe7 17. Rfe1 Nf6 18. Qd2 Qc7 19. Re2 Ng6 20. Nxg6 hxg6
21. Rae1 Bc6 22. Ng5 Bxg2 23. Kxg2 Qc6+ 24. f3 Rxe2+ 25. Rxe2 Re8 26. Kf2
Kf8 27. Qf4 Rxe2+ 28. Kxe2 Qe8+ 29. Kd2 Kg8 30. a4 Kf8 31. Qd6+ Kg8 32. Ne4
Nxe4+ 33. fxe4 Qc8 34. Qxb6 Qh3 35. Qd8+ Kh7 36. Qh4+ Qxh4 37. gxh4 Kh6 38.
b4 cxb4 39. c5 b3 40. c6 b2 41. Kc2 1-0

[Event "World Blitz 2023"]
[Site "Samarkand UZB"]
[Date "2023.12.30"]
[Round "13.31"]
[White "Tsaruk, Maksim"]
[Black "Kobalia, Mikhail"]
[Result "1/2-1/2"]
[WhiteElo "2378"]
[BlackElo "2558"]
[EventDate "2023.12.29"]

1. e4 c6 2. d4 d5 3. Nd2 dxe4 4. Nxe4 Bf5 5. Ng3 Bg6 6. Nf3 Nd7 7. h4 h6 8.
h5 Bh7 9. Bd3 Bxd3 10. Qxd3 Ngf6 11. Bd2 e6 12. O-O-O Qc7 13. Kb1 O-O-O 14.
Ne4 Nxe4 15. Qxe4 Nf6 16. Qe2 Bd6 17. c4 Rhe8 18. Bc3 c5 19. dxc5 Qxc5 20.
Ne5 Bxe5 21. Bxe5 Rxd1+ 22. Rxd1 Rd8 23. Rxd8+ Kxd8 24. Bxf6+ gxf6 25. g4
Ke7 26. b3 f5 27. f3 fxg4 28. fxg4 f5 29. Kc2 Kf6 30. Qd2 Kg7 31. g5 hxg5
32. Qxg5+ Kf7 33. Qg6+ Ke7 34. Qg7+ Ke8 35. h6 Qf2+ 36. Kc3 Qe3+ 37. Kb4
Qb6+ 38. Kc3 1/2-1/2

[Event "World Blitz 2023"]
[Site "Samarkand UZB"]
[Date "2023.12.30"]
[Round "13.32"]
[White "Zverev, Lev"]
[Black "Ter-Sahakyan, Samvel"]
[Result "1-0"]
[WhiteElo "2299"]
[BlackElo "2556"]
[EventDate "2023.12.29"]

1. e4 c5 2. Nf3 e6 3. d4 cxd4 4. Nxd4 Nf6 5. Nc3 Nc6 6. Ndb5 Bc5 7. Bf4 O-O
8. Bc7 Qe7 9. Bd6 Bxd6 10. Qxd6 Qd8 11. Nc7 Rb8 12. Be2 a6 13. e5 Ne8 14.
Nxe8 Rxe8 15. O-O Qa5 16. f4 b5 17. Ne4 Bb7 18. Nc5 Ba8 19. Bf3 b4 20. Nxd7
Rbc8 21. Rad1 h6 22. Qd2 Red8 23. Qf2 Bb7 24. Nc5 Ba8 25. Ne4 Qxa2 26. Nd6
Rb8 27. Qc5 Ne7 28. Bxa8 Rxa8 29. Qc7 Kf8 30. f5 exf5 31. Nxf5 Re8 32. Nd6
Qe6 33. Nxe8 Rxe8 34. Rd8 Ng6 35. Qd6+ Qxd6 36. Rxe8+ Kxe8 37. exd6 Ne5 38.
Ra1 Nc4 39. Rxa6 Nxb2 40. Ra7 Nc4 41. Re7+ Kf8 42. Re4 Nxd6 43. Rxb4 Ke7
44. Kf2 Ke6 45. Kf3 Kd5 46. Ra4 f5 47. h4 g5 48. h5 Ke5 49. Ra5+ Ke6 50.
Ra8 Nb5 51. Rh8 Nd4+ 52. Kf2 Nxc2 53. Rxh6+ Kf7 54. Rg6 g4 55. Rg5 Kf6 56.
h6 Kxg5 57. h7 Nb4 58. h8=Q Nd3+ 59. Ke3 Ne1 60. Qg7+ 1-0

[Event "World Blitz 2023"]
[Site "Samarkand UZB"]
[Date "2023.12.30"]
[Round "13.33"]
[White "Gurel, Ediz"]
[Black "Khismatullin, Denis"]
[Result "1-0"]
[WhiteElo "2359"]
[BlackElo "2552"]
[EventDate "2023.12.29"]

1. e4 c5 2. Nf3 d6 3. d4 cxd4 4. Nxd4 a6 5. c4 e6 6. Nc3 Nf6 7. Be2 b6 8.
O-O Bb7 9. f3 Be7 10. Be3 O-O 11. b4 Qc7 12. Rc1 Nbd7 13. Qb3 Rac8 14. Rfd1
Rfe8 15. a3 h5 16. Bf2 Qb8 17. Bf1 Bd8 18. Nc2 Ne5 19. Ne3 Bc7 20. h3 Ng6
21. h4 Bd8 22. g3 Ne5 23. Be2 Ba8 24. Kg2 Be7 25. Rd2 Rc7 26. Rcd1 Rec8 27.
a4 Bf8 28. Rd4 a5 29. bxa5 Nc6 30. R4d2 Nxa5 31. Qa2 Rc5 32. Nb5 R5c6 33.
Nd4 R6c7 34. Nb5 Rd7 35. e5 Ne8 36. Qb2 Rcd8 37. exd6 Nxd6 38. Qe5 Nc6 39.
Qxh5 Nxb5 40. Rxd7 Nc3 41. Qxf7+ Kh8 42. Rxd8 1-0

[Event "World Blitz 2023"]
[Site "Samarkand UZB"]
[Date "2023.12.30"]
[Round "13.34"]
[White "Ivic, Velimir"]
[Black "Vetokhin, Savva"]
[Result "1-0"]
[WhiteElo "2542"]
[BlackElo "2483"]
[EventDate "2023.12.29"]

1. e4 c5 2. Nf3 d6 3. Nc3 Nf6 4. h3 Nc6 5. d4 cxd4 6. Nxd4 e5 7. Nf3 h6 8.
Bc4 Be7 9. O-O O-O 10. Qe2 a6 11. Rd1 b5 12. Bb3 Bb7 13. Nd5 Nd7 14. c3 Na5
15. Bc2 Nb6 16. Ne3 Qc7 17. Nf5 Bc8 18. Nxe7+ Qxe7 19. b3 Qc7 20. Ba3 Rd8
21. Rd3 Be6 22. Rad1 Nb7 23. Nh4 a5 24. Rg3 b4 25. Bc1 Kh7 26. Qh5 Rg8 27.
Nf5 Bxf5 28. exf5 f6 29. Rg6 Rh8 30. Rxh6+ gxh6 31. Qg6# 1-0

[Event "World Blitz 2023"]
[Site "Samarkand UZB"]
[Date "2023.12.30"]
[Round "13.35"]
[White "Bakhrillaev, Bakhrom"]
[Black "Grigoriants, Sergey"]
[Result "1/2-1/2"]
[WhiteElo "1994"]
[BlackElo "2532"]
[EventDate "2023.12.29"]

1. d4 Nf6 2. c4 e6 3. Nc3 Bb4 4. e3 O-O 5. Bd3 c5 6. Nf3 d5 7. O-O Nc6 8.
cxd5 exd5 9. dxc5 Bxc5 10. h3 Be6 11. Ne2 Qd7 12. b3 Rad8 13. Bb2 Ne4 14.
Rc1 Bb6 15. Nf4 Bf5 16. Ne5 Nxe5 17. Bxe5 Rfe8 18. Bd4 Bxd4 19. exd4 Qd6
20. Ne2 Qf6 21. Rc7 Re7 22. Rxe7 Qxe7 23. Qc1 Qd6 24. Qf4 Qxf4 25. Nxf4 g5
26. Ne2 Rc8 27. Rc1 Rxc1+ 28. Nxc1 Kg7 29. f3 Nd6 30. Kf2 Kf6 31. Ke3 Bxd3
32. Kxd3 Nf5 33. g4 Nh4 34. Ke3 Ng2+ 35. Kf2 Nf4 36. Ne2 Nxe2 37. Kxe2 Ke6
1/2-1/2

[Event "World Blitz 2023"]
[Site "Samarkand UZB"]
[Date "2023.12.30"]
[Round "13.36"]
[White "Khusnutdinov, Rustam"]
[Black "Pranesh, M"]
[Result "0-1"]
[WhiteElo "2499"]
[BlackElo "2481"]
[EventDate "2023.12.29"]

1. e4 e5 2. Nf3 Nc6 3. g3 Nf6 4. d3 d5 5. exd5 Nxd5 6. Bg2 g6 7. Nc3 Bg7 8.
O-O Nxc3 9. bxc3 O-O 10. Rb1 Rb8 11. Nd2 Na5 12. Nb3 Nxb3 13. axb3 b6 14.
c4 c5 15. b4 cxb4 16. Rxb4 Bb7 17. Be3 Bxg2 18. Kxg2 f5 19. Qf3 f4 20. gxf4
exf4 21. Bd2 Rf5 22. Re1 Qd7 23. Re4 Rbf8 24. Rb1 Bd4 25. Rbe1 R5f7 26. Kf1
a5 27. Bc1 Bc3 28. R1e2 Qd6 29. Re8 a4 30. R2e6 Qb4 31. Kg2 a3 32. Qa8 f3+
33. Kh3 Qc5 34. Rxf8+ Rxf8 35. Re8 Qh5+ 36. Kg3 Be5+ 0-1

[Event "World Blitz 2023"]
[Site "Samarkand UZB"]
[Date "2023.12.30"]
[Round "13.37"]
[White "Abdurakhmonov, Mukhammadali"]
[Black "Ganguly, Surya Shekhar"]
[Result "0-1"]
[WhiteElo "2214"]
[BlackElo "2549"]
[EventDate "2023.12.29"]

1. d4 Nf6 2. Bg5 d5 3. e3 c5 4. Bxf6 gxf6 5. dxc5 e6 6. Nf3 Bxc5 7. Be2 Nc6
8. O-O e5 9. c4 d4 10. exd4 Nxd4 11. Nxd4 Qxd4 12. Nc3 Be6 13. Qa4+ Kf8 14.
Rad1 Qh4 15. b4 Bd4 16. Nb5 Bd7 17. Bf3 Rg8 18. Bxb7 Rb8 19. Qa6 Bxb5 20.
cxb5 Rd8 21. g3 Bxf2+ 22. Kxf2 Qxh2+ 23. Ke1 Qxg3+ 24. Ke2 Qg4+ 25. Bf3
Qc4+ 26. Kf2 Qc2+ 27. Ke3 Qc3+ 28. Kf2 Rd2+ 29. Rxd2 Qxd2+ 30. Be2 Qf4+ 31.
Ke1 Qxb4+ 32. Kf2 Qh4+ 33. Ke3 Qd4+ 34. Kf3 Qf4# 0-1

[Event "World Blitz 2023"]
[Site "Samarkand UZB"]
[Date "2023.12.30"]
[Round "13.38"]
[White "Esipenko, Andrey"]
[Black "Aditya, Mittal"]
[Result "1-0"]
[WhiteElo "2615"]
[BlackElo "2425"]
[EventDate "2023.12.29"]

1. e4 e5 2. Nf3 Nc6 3. Bc4 Nf6 4. d3 Bc5 5. Nc3 h6 6. O-O a6 7. Be3 d6 8.
Bxc5 dxc5 9. a4 Qd6 10. Nd2 Bg4 11. Qe1 Nd4 12. Rc1 c6 13. a5 Qc7 14. Ba2
Qxa5 15. Nc4 Qc7 16. f4 exf4 17. e5 Nd5 18. Nd6+ Kf8 19. Bxd5 cxd5 20. Nxd5
Qc6 21. Nxf4 Kg8 22. h3 Bd7 23. Nh5 Rf8 24. c3 Ne6 25. Qg3 Kh7 26. Nxf7 Be8
27. Nxh8 Bxh5 28. Rxf8 1-0

[Event "World Blitz 2023"]
[Site "Samarkand UZB"]
[Date "2023.12.30"]
[Round "13.39"]
[White "Paravyan, David"]
[Black "Bilguun, Sumiya"]
[Result "1/2-1/2"]
[WhiteElo "2566"]
[BlackElo "2407"]
[EventDate "2023.12.29"]

1. e4 c5 2. Nf3 d6 3. d4 cxd4 4. Nxd4 Nf6 5. Nc3 a6 6. Bd3 g6 7. Be2 Bg7 8.
Be3 b5 9. Bf3 e5 10. Nf5 Bf8 11. Nd5 Nbd7 12. Ng3 Bb7 13. Nxf6+ Nxf6 14. a4
b4 15. a5 h5 16. h4 Be7 17. Qd2 d5 18. exd5 Bxd5 19. Bb6 Qd7 20. Bxd5 Qxd5
21. Qxd5 Nxd5 22. Ne4 f5 23. Nd2 Rc8 24. O-O-O Nf4 25. Rhe1 Bf6 26. Nb3
Nxg2 27. Rg1 Nf4 28. Kb1 Bxh4 29. f3 Be7 30. Rge1 Kf7 31. Rxe5 h4 32. Rd7
Rhe8 33. Bc5 Ne6 34. Bxe7 Rxe7 35. Rxe7+ Kxe7 36. Nd4 Kd6 37. Rxe6+ Kd5 38.
Rxg6 Kxd4 39. Rh6 Ke3 40. Rxh4 f4 41. Rh6 Ra8 42. Ka2 Kxf3 43. Kb3 Ke3 44.
Re6+ Kd2 45. Rf6 Ke3 46. Kxb4 f3 47. c4 f2 48. Kc5 Rc8+ 49. Kd5 Rb8 50.
Re6+ Kd2 51. Rf6 Ke2 52. Re6+ Kd3 53. Rf6 Rxb2 54. c5 Ke2 55. Re6+ Kd1 56.
Rf6 Ke1 57. c6 f1=Q 58. Rxf1+ Kxf1 59. c7 Rc2 60. Kd6 Ke2 61. Kd7 Kd3 62.
c8=Q Rxc8 63. Kxc8 Kc4 64. Kd7 Kb5 65. Kd6 Kxa5 66. Kc5 Ka4 67. Kc4 a5 68.
Kc3 Kb5 69. Kb3 a4+ 70. Ka3 Ka5 71. Ka2 Kb4 72. Kb2 a3+ 73. Ka2 Ka4 74. Ka1
Kb3 75. Kb1 a2+ 76. Ka1 Ka3 1/2-1/2

[Event "World Blitz 2023"]
[Site "Samarkand UZB"]
[Date "2023.12.30"]
[Round "13.40"]
[White "Haldorsen, Benjamin"]
[Black "Demchenko, Anton"]
[Result "1-0"]
[WhiteElo "2405"]
[BlackElo "2545"]
[EventDate "2023.12.29"]

1. e4 e5 2. Nf3 Nc6 3. d4 exd4 4. Nxd4 Bc5 5. Nb3 Bb6 6. Nc3 d6 7. Qe2 a5
8. a4 Nb4 9. Bf4 Ne7 10. O-O-O O-O 11. Be3 Bxe3+ 12. Qxe3 Nec6 13. f4 Be6
14. Nd4 Nxd4 15. Qxd4 Re8 16. h4 Bg4 17. Rd2 Qe7 18. Bc4 Rad8 19. Be2 Bxe2
20. Rxe2 c6 21. h5 h6 22. Rh3 f6 23. g4 Qf7 24. Rhe3 Rd7 25. b3 Rc8 26. Qb6
Ra8 27. e5 fxe5 28. fxe5 dxe5 29. Rxe5 Qf6 30. Qe3 Rad8 31. Re8+ Kf7 32.
Rf2 Rxe8 33. Rxf6+ gxf6 34. Qxh6 Rg8 35. Qh7+ Rg7 36. Qf5 Re7 37. Ne4 Nd5
38. h6 Rg8 39. Nd6+ Kf8 40. Qc8+ 1-0

[Event "World Blitz 2023"]
[Site "Samarkand UZB"]
[Date "2023.12.30"]
[Round "13.41"]
[White "Ansat, Aldiyar"]
[Black "Kuzubov, Yuriy"]
[Result "0-1"]
[WhiteElo "2404"]
[BlackElo "2487"]
[EventDate "2023.12.29"]

1. e4 e6 2. d4 d5 3. Nc3 Bb4 4. e5 b6 5. Qg4 Bf8 6. Nf3 Ba6 7. Be2 Qd7 8.
a4 Bxe2 9. Nxe2 Nc6 10. O-O Nge7 11. Bd2 a5 12. Ng3 h6 13. h4 g6 14. c3 Nf5
15. Nxf5 gxf5 16. Qh5 Rg8 17. Kh1 Ne7 18. b4 axb4 19. cxb4 Rg4 20. Bxh6 Ng6
21. Bg5 Be7 22. g3 O-O-O 23. Qh7 Bxg5 24. Nxg5 Rxg5 25. hxg5 Rh8 26. Qxh8+
Nxh8 27. a5 Kb7 28. a6+ Ka7 29. Rfc1 c6 30. Rc2 Ng6 31. b5 Ne7 32. bxc6 Qc7
33. Kg2 Nc8 34. Rh1 Ne7 35. Rh7 Ng6 36. Rh1 b5 37. Ra1 Ne7 38. Rc5 Qb6 39.
c7 Nc8 40. Rh1 b4 41. Rh8 Qxa6 42. Rh1 b3 43. Rb1 Qa2 44. Rcc1 b2 45. Re1
Kb7 46. Kh3 Kxc7 47. g4 fxg4+ 48. Kxg4 Ne7 49. f4 Kd7 50. Rbd1 Nf5 51. Kh5
Qb3 52. Rh1 Ng3+ 53. Kh6 Nxh1 54. Rxh1 b1=Q 55. Rxb1 Qxb1 56. Kg7 Qf5 0-1

[Event "World Blitz 2023"]
[Site "Samarkand UZB"]
[Date "2023.12.30"]
[Round "13.42"]
[White "Amilal, Munkhdalai"]
[Black "Amar, Elham"]
[Result "0-1"]
[WhiteElo "2293"]
[BlackElo "2470"]
[EventDate "2023.12.29"]

1. e4 c6 2. Nc3 d5 3. Nf3 dxe4 4. Nxe4 Nf6 5. Nxf6+ exf6 6. h3 Bd6 7. d4
O-O 8. Be3 Re8 9. Be2 Nd7 10. O-O Nf8 11. Qd2 Ng6 12. Bd3 Be6 13. c4 Qd7
14. Ne1 Bxh3 15. f4 Bf5 16. Nc2 Bc7 17. Rad1 Re7 18. Bxf5 Qxf5 19. Qd3 Qxd3
20. Rxd3 f5 21. d5 cxd5 22. Rxd5 Rae8 23. Bxa7 Nxf4 24. Rxf5 Ne2+ 25. Kf2
Ng3 26. Kg1 g6 27. R5f3 Nxf1 28. Rxf1 Re2 29. Nb4 Rxb2 30. Nd5 Be5 31. Re1
Bd4+ 32. Bxd4 Rxe1+ 33. Kh2 Rxa2 34. Nf6+ Kf8 35. Bc5+ Kg7 36. Bd4 Ree2 37.
Ng4+ Kf8 38. Bc5+ Ke8 39. Nf6+ Kd8 40. Bb6+ Ke7 41. Nd5+ Kd6 0-1

[Event "World Blitz 2023"]
[Site "Samarkand UZB"]
[Date "2023.12.30"]
[Round "13.43"]
[White "Kakabayev, Mergen"]
[Black "Hong, Andrew"]
[Result "0-1"]
[WhiteElo "2255"]
[BlackElo "2460"]
[EventDate "2023.12.29"]

1. e4 e5 2. Nc3 Nf6 3. Bc4 Nc6 4. d3 Bb4 5. Ne2 O-O 6. O-O d6 7. f4 Ng4 8.
Qe1 Be6 9. h3 Bc5+ 10. Kh1 Bxc4 11. hxg4 Ba6 12. Nd5 exf4 13. Bxf4 Ne7 14.
Nxe7+ Qxe7 15. Qg3 d5 16. Nc3 dxe4 17. Nxe4 Bd4 18. Bxc7 Bxb2 19. Bd6 Qe6
20. Rab1 Bd4 21. Bxf8 Rxf8 22. a4 b6 23. Rbe1 Qc6 24. c4 Bc8 25. g5 Qg6 26.
Qd6 Qh5+ 27. Qh2 Qg6 28. Qd6 Qh5+ 29. Qh2 Qg4 30. Rf4 Qd7 31. Qh4 Be5 32.
Rf3 Qd4 33. Ref1 Bd7 34. Qf2 Qxf2 35. R3xf2 Bc6 36. Ra2 Rd8 37. Nf2 Rd4 38.
a5 Rh4+ 0-1

[Event "World Blitz 2023"]
[Site "Samarkand UZB"]
[Date "2023.12.30"]
[Round "13.44"]
[White "Madaminov, Mukhiddin"]
[Black "Pingin, Artem"]
[Result "1-0"]
[WhiteElo "2460"]
[BlackElo "2358"]
[EventDate "2023.12.29"]

1. e4 c5 2. Nf3 d6 3. d4 cxd4 4. Nxd4 Nf6 5. Nc3 a6 6. a3 e6 7. Be3 b5 8.
g4 Bb7 9. Bg2 Be7 10. g5 Nfd7 11. Qe2 Nc6 12. Nxc6 Bxc6 13. f4 Qc7 14. O-O
O-O 15. h4 Qb7 16. Rad1 Rfe8 17. Bf2 a5 18. b4 axb4 19. axb4 Bf8 20. h5 Ra3
21. Rd3 Nb6 22. Nd1 Ra2 23. Nb2 Rxb2 24. Rb1 Rxb1+ 1-0

[Event "World Blitz 2023"]
[Site "Samarkand UZB"]
[Date "2023.12.30"]
[Round "13.45"]
[White "Botiraliev, Abdumajid"]
[Black "Gaehwiler, Gabriel"]
[Result "0-1"]
[WhiteElo "1515"]
[BlackElo "2448"]
[EventDate "2023.12.29"]

1. e4 c5 2. Nf3 d6 3. d4 Nf6 4. Bb5+ Bd7 5. Bxd7+ Qxd7 6. dxc5 Nxe4 7. cxd6
Nxd6 8. O-O Nc6 9. Nc3 e5 10. Nxe5 Nxe5 11. Re1 Nc4 12. b3 Bb4 13. Qxd7+
Kxd7 14. Rd1+ Nd6 15. Nd5 Bc5 16. Bf4 Rhe8 17. a4 a5 18. c3 Re6 19. b4 Ba7
20. Ne3 Bxe3 21. Bxe3 Nc4 22. Bd4 f6 23. Rab1 Rae8 24. bxa5 Nxa5 25. h3
Nac4 26. Bc5 Kc6 27. Bb4 Re4 28. a5 Nb5 29. Ra1 Nc7 30. Kh2 Na6 31. Rac1
Re2 32. Kg3 h5 33. Rd4 R2e4 34. Rd3 R8e6 35. Bf8 g5 36. Bb4 h4+ 37. Kh2 Re2
38. Rf3 Ne5 39. Rf5 Nd3 40. Rd1 Nxf2 41. Rd4 Ne4 42. Rc4+ Kd7 43. Rd5+ Ke8
44. Rc8+ Kf7 45. Rd7+ Kg6 46. Rxb7 Ng3 47. Rb6 Re1 48. Rxe6 Rh1# 0-1

[Event "World Blitz 2023"]
[Site "Samarkand UZB"]
[Date "2023.12.30"]
[Round "13.46"]
[White "Zhalmakhanov, Ramazan"]
[Black "Chinguun, Sumiya"]
[Result "1-0"]
[WhiteElo "2427"]
[BlackElo "2200"]
[EventDate "2023.12.29"]

1. e4 c5 2. Nc3 Nc6 3. Nf3 g6 4. d4 cxd4 5. Nxd4 Bg7 6. Be3 Nf6 7. Bc4 O-O
8. Bb3 Re8 9. O-O d6 10. h3 Bd7 11. f4 Rc8 12. Nf3 Rf8 13. Qe1 Na5 14. e5
Ne8 15. Rd1 Nxb3 16. axb3 a6 17. Nd5 Bc6 18. Bb6 Qd7 19. exd6 exd6 20. Ne7+
Kh8 21. Nxc8 Qxc8 22. Bd4 Bxd4+ 23. Nxd4 Ng7 24. Qc3 Be4 25. Qxc8 Rxc8 26.
c4 d5 27. Rfe1 Nh5 28. Ne2 dxc4 29. bxc4 Rxc4 30. Rd4 Rxd4 31. Nxd4 Bd5 32.
Re5 Nf6 33. Re7 Kg7 34. g4 h6 35. Re5 Bc4 36. Rc5 b5 37. Rc6 a5 38. Ra6 a4
39. Ra5 Nd5 40. f5 Nb4 41. fxg6 Kxg6 42. Kh2 Nd3 43. Nxb5 Nxb2 44. Nc3 Bb3
45. Kg3 Kg7 46. Ra6 Bc4 47. Ra7 Bb3 48. Nb5 Nc4 49. Nd4 Bd1 50. Nf5+ Kg6
51. Nh4+ Kf6 52. Ra6+ Ke5 53. Nf5 a3 54. Nxh6 f6 55. Nf7+ Kd4 56. h4 Bb3
57. h5 a2 58. h6 Nb6 59. h7 Bc4 60. Rxa2 Bxa2 61. h8=Q Nd5 62. Nd6 Bb1 63.
Qd8 Kc5 64. Ne8 f5 65. g5 f4+ 66. Kf2 Be4 67. Qd6+ Kc4 68. Nf6 Nc3 69. Qxf4
Kd3 70. Qe3+ Kc2 71. Nxe4 Nd1+ 72. Kf3 Nxe3 73. Kxe3 1-0

[Event "World Blitz 2023"]
[Site "Samarkand UZB"]
[Date "2023.12.30"]
[Round "13.47"]
[White "Savchenko, Boris"]
[Black "Omonov, Asrorjon"]
[Result "0-1"]
[WhiteElo "2513"]
[BlackElo "2069"]
[EventDate "2023.12.29"]

1. d4 Nf6 2. c4 e6 3. Nc3 Bb4 4. e3 c5 5. a3 Bxc3+ 6. bxc3 d6 7. Bd3 Nc6 8.
Ne2 O-O 9. O-O e5 10. e4 h6 11. h3 Re8 12. d5 Ne7 13. f4 exf4 14. Nxf4 Nd7
15. Nh5 Ng6 16. Be3 Nde5 17. Be2 Bd7 18. Rb1 b6 19. Qd2 Kh7 20. Kh2 Qh4 21.
Bf4 Bg4 22. Ng3 Bxe2 23. Nxe2 Nxc4 24. Qd3 Nce5 25. Qg3 Qxg3+ 26. Bxg3 Rad8
27. Rbd1 Rd7 28. Nc1 Nc4 29. Rde1 Rde7 30. e5 Ncxe5 31. Re4 f6 32. Ra4 b5
33. Ra5 Rb7 34. Nb3 Rb6 35. Rxa7 Re7 36. Ra8 h5 37. Nd2 h4 38. Bf2 f5 39.
Bg1 f4 40. Rd8 Nf7 41. Ra8 Ng5 42. Bf2 Ne4 43. Nf3 Rbb7 44. Be1 Ra7 45. Rb8
Rxa3 46. Rxb5 Ra1 47. Rb8 Kh6 48. Rd8 Ng3 49. Rg1 Ra6 50. c4 Re4 51. Rg8
Rxc4 52. Bd2 Re4 53. Rb1 Ne7 54. Rh8+ Kg6 55. Nxh4+ Kf7 56. Nf3 Re2 57.
Bxf4 Raa2 58. Rg1 Ne4 59. Rd8 Nxd5 60. Bxd6 Ndf6 61. Bf4 Ke7 62. Rb8 c4 63.
Nd4 Reb2 64. Nf5+ Kf7 65. Rc8 c3 66. Be5 Rc2 67. Bd4 Nd5 68. Rd8 Nf4 69.
Nd6+ Nxd6 70. Rxd6 Rxg2+ 71. Rxg2 Rxg2+ 72. Kh1 Rd2 73. Rd7+ Ke6 74. Rc7
Rxd4 75. Rxc3 Kf5 76. Rc5+ Rd5 77. Rc3 g5 78. Kh2 Rd2+ 79. Kg1 Ne2+ 0-1

[Event "World Blitz 2023"]
[Site "Samarkand UZB"]
[Date "2023.12.30"]
[Round "13.48"]
[White "Nasuta, Grzegorz"]
[Black "Holt, Conrad"]
[Result "1-0"]
[WhiteElo "2467"]
[BlackElo "2592"]
[EventDate "2023.12.29"]

1. e4 e6 2. d4 d5 3. e5 c5 4. c3 Nc6 5. Nf3 Bd7 6. Be2 f6 7. O-O Qc7 8. Bf4
Nge7 9. Re1 Ng6 10. Bg3 f5 11. h4 Qb6 12. Qd2 cxd4 13. cxd4 Bb4 14. Nc3 O-O
15. h5 Nh8 16. h6 g6 17. a3 Be7 18. b4 Qd8 19. Nb5 Nf7 20. Nd6 Qb8 21. Nxf7
Rxf7 22. Bh4 Bxh4 23. Nxh4 Qf8 24. Qf4 a5 25. b5 Na7 26. a4 Nc8 27. Nf3 Nb6
28. Rec1 Be8 29. Rc5 Rd7 30. g3 Rc8 31. Rac1 Rdd8 32. Qd2 Ra8 33. Ra1 Rdc8
34. Rxc8 Nxc8 35. Rc1 Nb6 36. Rc7 Ra7 37. Rg7+ Kh8 38. Ng5 Nd7 39. Rxh7+
Kg8 40. Rg7+ Kh8 41. Nxe6 Qb4 42. Qg5 Qb1+ 43. Bf1 Ra8 44. Qe7 f4 45. Rh7+
Kg8 46. Qg7# 1-0